[Event "CRO Team Cup 2019"]
[Site "Losinj"]
[Date "2019.05.17"]
[Round "4.11"]
[White "Golubovic, Boris"]
[Black "Franic, Milan"]
[Result "1-0"]
[WhiteElo "2389"]
[BlackElo "2388"]
[Annotator "NA"]
[PlyCount "123"]
[EventDate "2019.05.15"]
[EventType "team-tourn"]
[EventCountry "CRO"]
[SourceTitle "playchess.com"]
[Source "ChessBase"]
[SourceQuality "1"]
[TimeControl "40/5400+30:1800+30"]

1. e4 {[%emt 0:00:30]} c5 {[%emt 0:01:30]} 2. Nf3 {[%emt 0:02:30]} d6 {[%emt 0:00:30]} 3. Bb5+ {[%emt 0:07:30]} Bd7 {[%emt 0:00:30]} 4. Bxd7+ {[%emt 0:01:30]} Qxd7 {[%emt 0:00:30]} 5. O-O {[%emt 0:01:30]} Nc6 {[%emt 0:00:30]} 6. c3 {[%emt 0:05:30]} Nf6 {[%emt 0:01:30]} 7. Re1 {[%emt 0:00:30]} e6 {[%emt 0:00:30]} 8. d4 {[%emt 0:00:30]} cxd4 {[%emt 0:00:00]} 9. cxd4 {[%emt 0:00:30]} d5 {[%emt 0:00:00]} 10. e5 {[%emt 0:00:30]} Ne4 {[%emt 0:00:00]} 11. Nbd2 {[%emt 0:00:00]} Nxd2 {[%emt 0:00:00]} 12. Bxd2 {[%emt 0:00:00]} Be7 {[%emt 0:00:30]} 13. Rc1 {[%emt 0:04:30]} O-O {[%emt 0:01:30]} 14. a3 {[%emt 0:00:00] B52: Sicilian: Moscow Variation with 3...Bd7} (14. Rc3 Rfc8 15. h4 Bd8 16. Rd3 Qc7 17. Ng5 h6 18. Nh3 Ne7 19. Bc3 b5 20. Nf4 Nf5 21. Qg4 Bxh4 22. Nh5 {½-½ (52) Nakamura,H (2769)-Grischuk,A (2766) Paris 2018}) 14... Rfc8 {[%emt 0:01:30]} 15. Rc3 {[%emt 0:03:00]} b5 {[%emt 0:18:30]} 16. h4 {[%emt 0:04:30]} b4 {[%emt 0:09:30]} 17. Rd3 {[%emt 0:12:30]} bxa3 {[%emt 0:03:30]} 18. bxa3 {[%emt 0:00:30]} Bd8 $146 {[%emt 0:13:30]} ({Predecessor:} 18... Rab8 19. Nh2 Qd8 20. Qg4 Na5 21. Bh6 g6 22. h5 {½-½ (51) Krak,T (2268)-Pacher,M (2467) Pardubice 2018}) 19. Ng5 {[%emt 0:15:30]} h6 {[%emt 0:03:30]} 20. Nh3 {[%emt 0:02:30]} Ne7 {[%emt 0:03:30]} 21. Qg4 {[%emt 0:18:59]} Nf5 {[%emt 0:03:30]} 22. Nf4 {[%emt 0:00:30]} Qe7 {[%emt 0:02:30]} 23. Rh3 {[%emt 0:01:14]} Rc4 {[%emt 0:01:30]} 24. Nxd5 {[%emt 0:02:08]} exd5 {[%emt 0:01:30]} 25. Qxf5 {[%emt 0:00:10]} Rxd4 {[%emt 0:03:30]} 26. Bc3 {[%emt 0:03:54]} Rc4 $2 {[%emt 0:11:05]} ({Better is} 26... Re4 $1 $14) 27. e6 {[%emt 0:01:35]} Rac8 {[%emt 0:00:59]} 28. Rf3 {[%emt 0:06:38]} ({Less strong is} 28. Qxd5 Bb6 $16) 28... f6 {[%emt 0:04:32]} 29. Bb4 {[%emt 0:00:28]} Qe8 {[%emt 0:00:13]} 30. e7 {[%emt 0:01:06]} Bb6 {[%emt 0:00:13]} 31. Qxd5+ {[%emt 0:01:18]} Kh8 {[%emt 0:00:05]} 32. g3 {[%emt 0:01:30]} a5 {[%emt 0:01:18]} 33. Bd6 {[%emt 0:01:13]} ({Less strong is} 33. Bxa5 Rc1 $16) 33... Rd4 $2 {[%emt 0:11:42]} (33... Rc2 {was called for.} 34. Qb7 Qb5) 34. Qb7 {[%emt 0:00:58]} Rxd6 {[%emt 0:00:18]} 35. Qxc8 {[%emt 0:00:04]} Qxc8 {[%emt 0:00:00]} 36. e8=Q+ {[%emt 0:00:33]} Qxe8 {[%emt 0:00:00]} 37. Rxe8+ {[%emt 0:00:37]} Kh7 {[%emt 0:00:11]} 38. Re2 {[%emt 0:00:19]} Rd4 {[%emt 0:00:29]} 39. Rb3 {[%emt 0:00:36]} Bc5 {[%emt 0:01:05]} 40. Rc2 {[%emt 0:01:02]} Bd6 {[%emt 0:01:26]} 41. Kg2 {[%emt 0:30:59]} Ra4 {[%emt 0:30:30]} 42. Rcc3 {[%emt 0:00:30]} Kg6 {[%emt 0:00:15]} 43. Rd3 {[%emt 0:00:08]} Bf8 {[%emt 0:00:00]} 44. Rb7 {[%emt 0:00:00]} Rxa3 {[%emt 0:00:00]} 45. Rd8 {[%emt 0:00:00]} Bb4 {[%emt 0:00:00]} 46. Rg8 {[%emt 0:00:00]} Kf5 {[%emt 0:00:00]} 47. Rgxg7 {[%emt 0:00:00]} Ra2 {[%emt 0:00:00]} 48. Rb5+ {[%emt 0:00:00]} Ke6 {[%emt 0:00:00]} 49. Rg6 {[%emt 0:00:00]} Bc3 {[%emt 0:00:00]} 50. g4 {[%emt 0:02:22]} Bd4 {[%emt 0:00:00]} 51. Rf5 {[%emt 0:00:09]} h5 {[%emt 0:00:00]} 52. Rfxf6+ {[%emt 0:00:36]} Bxf6 {[%emt 0:00:00]} 53. g5 {[%emt 0:00:01]} Ra4 {[%emt 0:00:00]} 54. Rxf6+ {[%emt 0:00:18]} Ke7 {[%emt 0:00:00]} 55. f4 {[%emt 0:01:07]} Ra2+ {[%emt 0:00:00]} 56. Kf3 {[%emt 0:00:10]} Ra3+ {[%emt 0:00:00]} 57. Ke4 {[%emt 0:00:52]} Rh3 {[%emt 0:00:00]} 58. Ra6 {[%emt 0:00:39]} Rxh4 {[%emt 0:00:00]} 59. Rxa5 {[%emt 0:00:37]} Rh1 {[%emt 0:08:36]} 60. Kf5 {[%emt 0:00:00]} Rf1 {[%emt 0:00:30]} 61. Ra7+ {[%emt 0:00:00]} Kf8 {[%emt 0:00:30]} 62. Rh7 {[%emt 0:00:00]} 1-0

[Event "CRO Team Cup 2019"]
[Site "Losinj"]
[Date "2019.05.17"]
[Round "4.12"]
[White "Valkovic, Kristian"]
[Black "Petrov, Jole"]
[Result "0-1"]
[WhiteElo "2055"]
[BlackElo "2406"]
[Annotator "TA"]
[PlyCount "54"]
[EventDate "2019.05.15"]
[EventType "team-tourn"]
[EventCountry "CRO"]
[SourceTitle "playchess.com"]
[Source "ChessBase"]
[SourceQuality "1"]

{[%evp 12,96,7,0,0,0,0,0,0,-143,-71,-79,-70,-65,-27,-43,-27,-31,-42,-47,-47,-44,-27,-54,-57,-54,-57,-49,-43,-51,-37,-262,-261,-255,-266,-251,-170,-161,-144,-268,-267,-318,-311,-297,-212,-508,-502,-491,-486,-479,-456,-406,-327,-608,-109,-110,-98,-97,-110,-104,-29,-74,-38,-204,-202,-385,-191,-577,-557,-491,-490,-6119,-5828,-6104,-1660,-6104,-6079,-5895,-5812,-4766,-5056,-2638,-670,-4637,-4631,-29978,-29978]} 1. d4 Nf6 2. Nf3 d6 3. c4 g6 4. Nc3 Bg7 5. Bf4 O-O 6. e3 c5 7. Be2 Nh5 {...cxd4 is the strong threat. E61: King's Indian: Early deviations for White, including Smyslov System} (7... cxd4 8. exd4 d5 9. O-O Nc6 10. h3 dxc4 11. Bxc4 Na5 12. Bd3 Be6 13. Re1 Nc6 14. Bf1 Nd5 15. Bg5 Nb6 16. Be3 Bc4 17. Bxc4 Nxc4 18. Qe2 Nxe3 19. fxe3 {½-½ (126) Laznicka,V (2651)-Ragger,M (2700) Germany 2017}) 8. Bg5 h6 9. Bh4 g5 {The position is equal.} 10. Nd2 (10. g4 $11 {keeps the balance.}) 10... gxh4 $146 ({Black should try} 10... cxd4 11. exd4 Nf4) ({Predecessor:} 10... cxd4 11. Nb5 dxe3 12. fxe3 Nf6 13. Bg3 Qb6 14. Bf2 Nc6 15. O-O {0-1 (27) Daubas,B (1865)-Thomassen,J (2396) San Sebastian 2011}) 11. Bxh5 $17 cxd4 12. exd4 Nc6 13. Nb3 a5 {And now ...a4 would win.} 14. a4 $1 e5 {[%cal Re5d4]} 15. dxe5 Nxe5 16. Be2 Be6 17. Nd5 Rc8 18. Rc1 Qg5 19. O-O $1 {Strongly threatening f4.} h3 {[%csl Gh3][%cal Rg5g2]} (19... Nxc4 {seems wilder.} 20. Bxc4 Rxc4 21. Rxc4 Bxd5 22. Rg4 Bxb3 23. Rxg5 Bxd1 24. Rxg7+ Kxg7 25. Rxd1 Rc8) 20. g3 {Hoping for f4.} Nxc4 $1 $40 {[%mdl 128] Black mounts an attack.} 21. Rxc4 $2 ({White has to play} 21. Bxc4 $15 Rxc4 22. Rxc4 Qxd5 23. Qxd5 Bxd5 24. Nd2) 21... Qxd5 $19 22. Qxd5 Bxd5 23. Nxa5 Bxc4 ({Less strong is} 23... Bxb2 24. Rh4 $17) 24. Nxc4 d5 25. Nb6 (25. Ne3 $17) 25... Rc2 ({Inferior is} 25... Bxb2 26. Nxc8 Rxc8 27. Bg4 $11) 26. Bd3 Rxb2 27. Nxd5 Rd2 {Played: Rf8-d8} 0-1

[Event "CRO Team Cup 2019"]
[Site "Losinj"]
[Date "2019.05.17"]
[Round "4.13"]
[White "Lalic, Bogdan"]
[Black "Livaic, Leon"]
[Result "1/2-1/2"]
[WhiteElo "2400"]
[BlackElo "2472"]
[Annotator "TA"]
[PlyCount "44"]
[EventDate "2019.05.15"]
[EventType "team-tourn"]
[EventCountry "CRO"]
[SourceTitle "playchess.com"]
[Source "ChessBase"]
[SourceQuality "1"]

{[%evp 26,27,72,59]} 1. d4 e6 2. e4 d5 3. Nd2 Nf6 4. Bd3 c5 5. e5 Nfd7 6. c3 Nc6 7. Ne2 Qb6 8. Nf3 cxd4 9. cxd4 f6 10. exf6 Nxf6 11. O-O Bd6 12. Bf4 Bxf4 13. Nxf4 O-O 14. Re1 {Predecessor:} Qxb2 $146 15. g3 Qa3 16. Re3 Qd6 17. Rb1 Nb4 18. Bf1 Ne4 19. a3 Nc6 20. Bd3 Nf6 21. h4 b6 22. Rc1 Bd7 {1-0 (46) Lei,T (2537)-Vo,T (2393) China 2018} 1/2-1/2

[Event "CRO Team Cup 2019"]
[Site "Losinj"]
[Date "2019.05.17"]
[Round "4.14"]
[White "Blazeka, Matej"]
[Black "Loncar, Robert"]
[Result "1-0"]
[WhiteElo "2357"]
[BlackElo "2407"]
[Annotator "TA"]
[PlyCount "155"]
[EventDate "2019.05.15"]
[EventType "team-tourn"]
[EventCountry "CRO"]
[SourceTitle "playchess.com"]
[Source "ChessBase"]
[SourceQuality "1"]

{[%evp 9,155,61,68,72,65,35,69,60,57,55,58,47,56,51,58,46,73,51,62,61,60,53,63,39,46,27,41,18,58,50,64,56,53,23,6,2,56,69,42,20,38,0,52,50,73,58,43,0,101,104,199,197,208,207,198,172,200,168,413,406,405,395,412,429,406,398,390,394,396,393,416,112,404,398,386,345,373,279,291,312,311,312,308,290,297,295,304,289,286,286,288,285,281,281,277,277,343,314,410,410,415,415,394,394,413,400,400,393,391,378,385,378,610,592,508,480,718,667,583,377,685,377,2525,2012,2077,2753,4137,4137,4137,4137,1696,1445,4141,786,584,364,4137,3917,6049,6049,29971,29973,29980,29981,29983,29984,29985,29986]} 1. e4 c5 2. Nf3 e6 3. c4 Qb6 (3... Nc6 4. d4 cxd4 5. Nxd4 Bc5 6. Nc2 Nf6 7. Nc3 O-O 8. Be3 b6 9. Be2 Bb7 10. O-O Qe7 11. Qd2 Rfd8 12. Rfd1 Ne5 13. Bxc5 bxc5 {1-0 (51) Carlsen,M (2835)-Caruana,F (2832) London 2018}) 4. d4 cxd4 5. Qxd4 Qc7 $146 ({Predecessor:} 5... Qxd4 6. Nxd4 Bc5 7. Nb3 Be7 8. f4 Nc6 9. Bd2 b6 10. Nc3 Bb7 {½-½ (30) Lim,E (1131)-Mason,S (1410) Mooroolbark 2011}) 6. Nc3 {B40: Sicilian: 2...e6, Unusual lines} Nc6 7. Qd3 (7. Qe3 {keeps more tension.} Nf6 8. Be2 Be7 9. O-O b6 10. h3) 7... a6 8. Be2 {White is slightly better.} Nf6 9. O-O Be7 10. h3 O-O 11. Be3 d6 12. a3 Nd7 13. Nd2 b6 14. Rac1 Bb7 15. b4 Nce5 16. Qb1 Ng6 17. Nb3 Rac8 18. a4 Qb8 19. a5 bxa5 20. Nxa5 Ba8 21. c5 dxc5 22. Bxa6 cxb4 (22... Rce8 $11) 23. Bxc8 $14 Rxc8 24. Na4 Re8 {[#] ...Qb5 is the strong threat.} 25. Nb3 Nf6 (25... f5 $11) 26. Nbc5 Qb5 27. f3 (27. Nc3 $5 {[%cal Rc3b5]} Qb8 28. Ne2 $14) 27... Bc6 28. Qb3 Bd6 (28... Nh5 $11 {remains equal.}) 29. Rc4 $16 {[%cal Bc1c4,Bc4b4,Bb4b6][%mdl 32]} Qb8 (29... Nh5 $16 {might work better.}) 30. Rxb4 $18 Qc7 {If Black can now play ...Bxa4 this consolidates a bit.} 31. Rc1 Bh2+ 32. Kf1 Nh5 33. Na6 Qc8 $2 (33... Qd6) 34. Rb6 Ne5 35. Nb4 {[%cal Rb4c6]} Ng3+ 36. Ke1 {[%cal Rb4c6]} Qd8 37. Rbxc6 Nxc6 38. Nxc6 Qh4 39. Bf2 Qg5 40. Qc3 $2 (40. Rc5 $18 {is more deadly.} Qf6 41. e5) 40... Qb5 $2 {[%mdl 8192]} (40... Nh5 $16) 41. Qc4 Qg5 42. Qc5 f5 43. Qe3 Qxe3+ 44. Bxe3 fxe4 45. fxe4 Nxe4 46. Nc3 Nf6 47. Rd1 Kf7 {intending ...Rc8.} 48. Rd8 Rxd8 49. Nxd8+ Ke7 50. Nb7 Be5 51. Kd2 Bc7 52. Nc5 Bb6 53. N5e4 Ba5 {[#] White must now prevent ...Nxe4+.} 54. Nxf6 gxf6 55. Bc5+ Kf7 56. Kd3 Kg6 57. Ne2 Bc7 58. Nd4 Kf7 59. Nb5 Bd8 60. Ke4 Kg6 $2 (60... Ke8 61. Nd4 Kd7) 61. Nd4 Kf7 62. Kf3 Ba5 (62... f5 $142 63. Kf4 Kf6) 63. Kg4 Bd2 64. Kh5 Bg5 $2 (64... Bc1 65. Nb3 Bf4) 65. Nc2 Bd2 $2 (65... Bf4 66. Kg4 Bd2) 66. Be3 Bc3 67. Kh6 Kg8 68. Nd4 e5 69. Nf5 Bb4 70. Ng3 Bf8+ 71. Kh5 Kf7 72. Ne4 Ke6 $2 (72... f5 73. Ng5+ {[%mdl 64] Double Attack} Kg8) 73. g4 Be7 74. Kh6 f5 75. Nc5+ {White mates.} Bxc5 76. Bxc5 fxg4 77. hxg4 Kf6 78. Be3 {Accuracy: White = 70%, Black = 38%.} 1-0

[Event "CRO Team Cup 2019"]
[Site "Losinj"]
[Date "2019.05.17"]
[Round "4.15"]
[White "Sale, Srdjan"]
[Black "Brumen, Dinko"]
[Result "1/2-1/2"]
[WhiteElo "2443"]
[BlackElo "2320"]
[Annotator "TA"]
[PlyCount "119"]
[EventDate "2019.05.15"]
[EventType "team-tourn"]
[EventCountry "CRO"]
[SourceTitle "playchess.com"]
[Source "ChessBase"]
[SourceQuality "1"]

{[%evp 18,119,68,28,59,0,16,0,17,0,-10,-7,51,38,44,37,65,48,53,43,47,52,89,89,95,92,86,79,109,97,82,69,59,29,37,28,33,-11,0,-13,37,39,49,54,85,27,45,13,176,57,56,68,60,30,70,100,92,37,39,15,8,14,23,12,31,29,33,33,39,34,62,0,10,0,0,0,0,-1,0,0,0,0,0,0,12,12,10,12,22,22,29,21,26,14,20,11,25,0,0,0,0,0,0,-8]} 1. e4 e6 2. d3 c5 3. Nf3 Nc6 4. g3 g6 5. Bg2 Bg7 6. O-O Nge7 7. Re1 d5 8. c3 O-O 9. Nbd2 {[%cal Bb1d2,Bd2f1,Bf1e3][%mdl 32]} b5 10. e5 Qc7 {[%cal Rc6e5] A08: King's Indian Attack} (10... b4 11. Nb3 c4 12. dxc4 dxc4 13. Nbd4 Rb8 14. Bg5 Qc7 15. Nxc6 Nxc6 16. Bf6 bxc3 17. bxc3 Bb7 18. Ng5 {½-½ (32) Aronian,L (2797)-Nakamura,H (2767) Saint Louis 2014}) 11. Qe2 (11. d4 $14) 11... a5 12. Nf1 Ba6 13. Bf4 b4 $146 ({Predecessor:} 13... Rab8 14. h4 b4 15. N1h2 a4 16. Rac1 a3 17. bxa3 bxa3 18. Ng4 {1-0 (42) Maes,W (2311)-Parayre Soguero,J (1992) Marcy Etoile 2007}) 14. Ne3 Kh8 (14... bxc3 $11 15. bxc3 h5) 15. Ng4 $14 Ng8 16. h4 h6 17. c4 Rad8 18. Rad1 dxc4 19. dxc4 Nd4 20. Nxd4 Rxd4 21. Rxd4 cxd4 22. b3 Rd8 23. Rd1 Bb7 24. Bxb7 Qxb7 25. h5 gxh5 26. Nh2 h4 $1 27. gxh4 (27. Qf3 {is interesting.} Qc7 28. Ng4 hxg3 29. Qxg3 a4 30. Qf3) 27... Ne7 28. Qf3 Qxf3 (28... Qa7 {feels hotter.} 29. Ng4 Rg8 30. Kf1 Nf5 31. Rd3 Qe7) 29. Nxf3 Nc6 30. Kf1 Kh7 31. h5 ({White should try} 31. Ke2 $16) 31... d3 $11 32. Bg3 f6 $2 (32... a4 $11 {and Black is okay.}) 33. Ne1 ({Better is} 33. Bh4 $18) 33... fxe5 $14 {Threatens to win with ...e4.} 34. Rxd3 Nd4 {[#]} 35. Nc2 $1 {[%mdl 512]} e4 (35... Nxc2 36. Rxd8) 36. Rd1 e5 37. Ne3 (37. c5 $16) 37... a4 38. Ng4 (38. bxa4 {seems wilder.} Ra8 39. Nd5 Rxa4 40. Rd2 Kg8 41. Rb2) 38... axb3 39. axb3 Re8 40. Bxe5 Bxe5 41. Nxe5 Nxb3 $11 {[%mdl 4096] Endgame KRN-KRN} 42. Rd7+ Kg8 43. Ng4 {And now Nf6+ would win.} Re6 44. Ke2 (44. Rb7 $14) 44... Na5 45. Ne3 b3 46. Kd1 Rf6 47. Rd2 Kf7 48. Kc1 Ke6 49. Kb2 Rf3 {Hoping for ...Rxe3!} 50. Kc3 Rh3 51. Rd5 b2 $1 {[%cal Rb2b1]} 52. Rb5 Rxh5 53. Rb6+ Kd7 54. Rxb2 Nc6 55. Rb7+ Kd6 56. Rh7 Ke5 57. Rxh6 {[%mdl 64] [#] Decoy} Rxh6 {The position is equal.} 58. Ng4+ {[%mdl 64] Double Attack} Kf4 59. Nxh6 Kf3 60. Nf5 {Accuracy: White = 38%, Black = 43%.} 1/2-1/2

[Event "CRO Team Cup 2019"]
[Site "Losinj"]
[Date "2019.05.17"]
[Round "4.16"]
[White "Tomic, Stjepan"]
[Black "Medak, Bojan"]
[Result "1-0"]
[WhiteElo "1876"]
[BlackElo "2347"]
[Annotator "TA"]
[PlyCount "61"]
[EventDate "2019.05.15"]
[EventType "team-tourn"]
[EventCountry "CRO"]
[SourceTitle "playchess.com"]
[Source "ChessBase"]
[SourceQuality "1"]

{[%evp 9,61,23,37,32,45,42,37,40,33,-62,24,26,27,44,27,-4,50,52,27,29,52,-79,-25,-100,-67,-176,-189,-190,-193,-238,81,79,204,206,235,217,204,35,236,295,457,464,641,644,622,624,633,620,625,612,1069,1066,1044,1027]} 1. e4 d6 2. d4 g6 3. Be3 Bg7 4. Qd2 c5 5. c3 Nf6 6. f3 {B06: Modern Defence} cxd4 7. cxd4 O-O (7... Nc6 8. Bd3 O-O 9. Ne2 a6 10. O-O b5 11. Nbc3 Bb7 12. Rac1 Rc8 {1-0 (58) Shankland,S (2674)-Stefanova,A (2512) Caleta 2017}) 8. Ne2 {White is slightly better.} Nc6 9. g4 (9. h4 $14) 9... b5 $146 (9... Bxg4 $1 $15 10. fxg4 e5) ({Predecessor:} 9... Bxg4 10. Bg2 Bd7 11. h4 h5 12. Bh6 Bxh6 13. Qxh6 {0-1 (27) Tasoko,T (1749)-De Arruda Filho,R Florianopolis 2016}) 10. Na3 b4 11. Nc2 a5 12. g5 Nd7 (12... Nh5 $11) 13. h4 $1 $14 Nb6 14. Ng3 d5 15. b3 (15. Qh2 $14 {stays ahead.}) 15... e5 ({Black should play} 15... a4 $17 {White should prevent ...axb3.} 16. Bb5 axb3 17. axb3 (17. Bxc6 $2 Rxa2 18. Rxa2 bxa2 $19) 17... Rxa1+ 18. Nxa1 dxe4 19. Bxc6 Qc7 20. Bxe4 Qxg3+ 21. Qf2 Qd6) 16. Rd1 (16. Bb5 $11 {remains equal.} Qd6 17. Bxc6 Qxc6 18. Rc1) 16... Qc7 $1 $17 17. Qh2 (17. f4 $15 exd4 18. Nxd4 Nxd4 19. Bxd4) 17... exd4 $19 18. Nxd4 Be5 19. Nde2 {[#]} dxe4 $2 (19... d4 $1 $19 {[%mdl 512]} 20. Bf2 (20. Nxd4 Bxg3+) 20... a4) 20. f4 $16 {Hoping for h5.} Bh8 {[#]} (20... Be6 $16 {was called for.}) 21. h5 $1 $18 Ra7 22. hxg6 ({Less strong is} 22. Nxe4 Re8 $14) 22... fxg6 {[#]} 23. Bg2 $2 ({Resist} 23. Nxe4 $6 Re8 $14) (23. Bh3 $1 $18) 23... Re8 $2 (23... Bc3+ $1 $14 24. Nxc3 bxc3) 24. Bxe4 Bf5 (24... Bc3+ $142 25. Kf1 a4) 25. Nxf5 {White is clearly winning.} gxf5 26. Bxb6 Qxb6 27. Bd5+ Kf8 {Strongly threatening ...Nd4.} 28. Qh6+ {[%mdl 64] Double Attack} Bg7 29. Qxc6 Qe3 {[%csl Ge8][%cal Re3e2]} 30. Bc4 Rae7 {[#]} 31. Qd5 $1 {Accuracy: White = 46%, Black = 37%.} 1-0

[Event "CRO Team Cup 2019"]
[Site "Losinj"]
[Date "2019.05.17"]
[Round "4.17"]
[White "Krstic, Uros"]
[Black "Biti, Ozren"]
[Result "1/2-1/2"]
[WhiteElo "2361"]
[BlackElo "2366"]
[Annotator "TA"]
[PlyCount "25"]
[EventDate "2019.05.15"]
[EventType "team-tourn"]
[EventCountry "CRO"]
[SourceTitle "playchess.com"]
[Source "ChessBase"]
[SourceQuality "1"]

{[%evp 9,25,31,27,38,27,24,47,44,38,41,48,43,40,37,44,41,41,26]} 1. e4 e5 2. Nf3 Nf6 3. Nc3 Nc6 4. g3 d6 5. Bg2 Bg4 6. h3 {C47: Scotch Four Knights and Four Knights with 4 g3} Bxf3 (6... Bh5 7. d3 Nd4 8. g4 Nxf3+ 9. Qxf3 Bg6 10. Be3 c6 11. O-O Be7 12. Qg3 Nd7 13. f4 exf4 14. Qxf4 {½-½ (21) Bengherabi,K (2245)-Seddaoui,Y (2144) Frydek Mistek 2016}) 7. Qxf3 Be7 8. O-O {White is slightly better.} O-O 9. Qd1 Nd4 10. Ne2 Nxe2+ 11. Qxe2 c6 12. c3 Qc7 $146 ({Predecessor:} 12... a5 13. d4 Qc7 {1-0 (60) Zupancic,U (1907)-Bulatovic,M (1985) Ljubljana 2009}) 13. d3 1/2-1/2

[Event "CRO Team Cup 2019"]
[Site "Losinj"]
[Date "2019.05.17"]
[Round "4.18"]
[White "Ascic, Pero"]
[Black "Vernacki, Srdjan"]
[Result "1/2-1/2"]
[WhiteElo "2324"]
[BlackElo "2338"]
[Annotator "TA"]
[PlyCount "40"]
[EventDate "2019.05.15"]
[EventType "team-tourn"]
[EventCountry "CRO"]
[SourceTitle "playchess.com"]
[Source "ChessBase"]
[SourceQuality "1"]

{[%evp 9,40,28,42,21,39,0,9,14,7,15,35,18,18,18,18,18,18,-23,18,0,0,0,18,18,18,18,18,18,18,4,4,6,14]} 1. e4 c6 2. d4 d5 3. e5 g6 4. h4 h5 5. Bd3 Nh6 6. Ne2 {B12: Caro-Kann: Advance Variation} Bf5 7. Ng3 e6 8. Nxf5 Nxf5 9. Bxf5 exf5 10. Bg5 Be7 11. Bxe7 Qxe7 12. Nc3 Nd7 $146 13. Ne2 Nf8 14. Nf4 {The position is equal.} Ne6 15. Nxe6 Qxe6 16. Qd2 O-O 17. O-O c5 18. c3 Rac8 19. Rac1 cxd4 20. cxd4 Rxc1 {Accuracy: White = 41%, Black = 75%.} 1/2-1/2

[Event "CRO Team Cup 2019"]
[Site "Losinj"]
[Date "2019.05.17"]
[Round "4.19"]
[White "Trbojevic, Mladen"]
[Black "Filipovic, Marko"]
[Result "0-1"]
[WhiteElo "2331"]
[BlackElo "2324"]
[Annotator "TA"]
[PlyCount "80"]
[EventDate "2019.05.15"]
[EventType "team-tourn"]
[EventCountry "CRO"]
[SourceTitle "playchess.com"]
[Source "ChessBase"]
[SourceQuality "1"]

{[%evp 14,80,0,-15,28,32,31,40,34,24,59,54,52,37,39,7,100,89,91,95,107,71,61,58,58,60,119,113,129,127,128,118,169,120,80,71,100,121,49,0,0,0,0,-39,0,0,0,0,0,0,0,-124,0,-129,187,108,110,-595,-478,-656,-647,-635,-580,-5263,-5255,-2501,-2393,-29978,-29976]} 1. d4 Nf6 2. Nf3 d5 3. Bf4 e6 4. e3 Bd6 5. Bg3 O-O 6. Nbd2 c5 7. c3 Nc6 8. Bd3 Bxg3 {D02: 1 d4 d5 2 Nf3 sidelines, including 2...Nf6 3 g3 and 2...Nf6 3 Bf4} (8... b6 9. Qe2 Bb7 10. Rd1 Re8 11. e4 Be7 12. e5 Nh5 13. h4 cxd4 14. Nxd4 Nxg3 15. fxg3 Bc5 16. N2f3 f5 {½-½ (45) Esipenko,A (2593)-Karjakin,S (2753) St Petersburg 2018}) 9. hxg3 Qe7 $146 ({Predecessor:} 9... g6 10. Qe2 Qd6 11. dxc5 Qxc5 12. e4 dxe4 13. Nxe4 Nxe4 14. Qxe4 b5 15. Qh4 h5 16. Be4 {1-0 (41) Lupulescu,C (2627)-Nesterov,A (2388) Batumi 2018}) 10. Ne5 g6 $1 {White is slightly better.} 11. f4 Nd7 12. Qg4 {Black must now prevent Qh3.} f5 13. Qh3 {Hoping for Nxg6!} (13. Qh4 {feels hotter.} Ndxe5 14. dxe5 h5 15. Qxe7 Nxe7 16. c4) 13... Ncxe5 14. dxe5 Rd8 (14... c4 $11 {keeps the balance.} 15. Bc2 h5) 15. g4 $16 Nf8 16. Nf3 b5 17. O-O (17. Bxb5 $6 Rb8 $11) 17... Rb8 18. a3 a5 19. b4 d4 (19... Bd7 $14) 20. cxd4 ({Reject} 20. exd4 $6 cxb4 21. axb4 axb4 $11) 20... c4 21. Be2 axb4 22. axb4 Qxb4 (22... fxg4 $16 {might work better.} 23. Qxg4 Qxb4) 23. Qh4 Rd7 24. Rab1 Qa4 25. gxf5 gxf5 26. Qf6 Rf7 27. Qd8 Rd7 $1 {[%cal Rd7d8]} 28. Qe8 Qa7 29. Ng5 Bb7 30. Qh5 Bd5 31. g4 $1 Rg7 32. Kf2 (32. gxf5 $1 $11 exf5 33. Kf2) 32... b4 (32... fxg4 $17 33. Rg1 b4) 33. Rg1 (33. gxf5 $11 exf5 34. Qh3) 33... Qe7 $2 {[%mdl 8192] [#]} (33... fxg4 $1 $17 34. Bxg4 c3) 34. gxf5 (34. Nxe6 $1 $18 {[%mdl 512]} Nxe6 (34... Bxe6 35. gxf5) 35. gxf5 Nxf4 36. exf4 Rxg1 37. Rxg1+ Kh8 38. Bf3 Bxf3 39. Qxf3 (39. Kxf3 b3 $11)) 34... exf5 35. Nxh7 $2 {[%mdl 8192]} (35. Nf3 $16 {and life is bright. And now Rxg7+ would win.} Ng6 36. Qxf5) 35... Nxh7 $19 36. Rxg7+ Kxg7 ({Weaker is} 36... Qxg7 37. Rg1 $14) 37. Rg1+ Kh8 38. Qxf5 Qh4+ 39. Kf1 Ra8 {( -> ...Ra1+)} 40. Bd1 c3 {Accuracy: White = 44%, Black = 48%.} 0-1